000 00757nam a2200217 i 4500
001 133610
003 ES-MaACL
005 20250812020745.0
007 t|
008 070822s1979 fr |||| | fre d
020 _a2.7118.0116.0
080 _a7(4)(083.824)
245 0 2 _aL'art européen áa la cour d'Espagne au XVIIIe siècle
_b: [exposición].
260 _aParis :
_bMinistère de la Culture et de la Communication :
_bRéunion des Musées Nationaux,
_c1979.
300 _a215 p. :
_bil. ;
_c24 cm.
500 _aExposición itinerante.
504 _aBibliografía: p. 211-214.
650 1 4 _aArte europeo-
_zEspaña-
_vExposiciones
_910208
852 _aES-MaACL
_jE-11993
_z. - Biblioteca Jacinto Martínez Lacalle
999 _c133610
_d133610